vocabulaire en anglais tout thème - Statistiques

Statistiques générales
  • Ce quiz a été pris 527 fois
  • Le résultat moyen est 12 sur 17
Statistiques - réponses
Hint Réponse % Correct
bouteille bottle
97%
chaise chair
97%
cheval horse
96%
jus juice
95%
mur wall
91%
rapide fast
90%
lapin rabbit
90%
timide shy
90%
lèvres lips
88%
parapluie umbrella
83%
langue tongue
77%
gants gloves
66%
cependant however
65%
chaton kitty
51%
bleu marine navy blue
22%
regard eye
20%
lunettes glosses
4%
Aucun quiz correspondant
Distribution des résultats
% des personnes avec chaque résultat
Percentile par nombre de réponses
Votre historique - résultats
Vous n’avez pas pris ce quiz